Barclays Bank plc v Fairclough Building Ltd and others (Record no. 44268)

MARC details
000 -LEADER
fixed length control field 01747cab a2200265 4500
001 - CONTROL NUMBER
control field Z7207
008 - FIXED-LENGTH DATA ELEMENTS--GENERAL INFORMATION
fixed length control field 090401t1995 xxu||||| |||| 00| 0 eng d
035 ## - SYSTEM CONTROL NUMBER
System control number (Sirsi) u70398
041 ## - LANGUAGE CODE
Language code of text/sound track or separate title eng
245 ## - TITLE STATEMENT
Title Barclays Bank plc v Fairclough Building Ltd and others
260 ## - PUBLICATION, DISTRIBUTION, ETC.
Date of publication, distribution, etc. 1995
350 ## - PRICE (NR) (BK AM CF MU VM SE) [OBSOLETE]
Price 0
490 ## - SERIES STATEMENT
Series statement All England Law Reports
Volume/sequential designation [1995] 1 All ER 289-306(8)
520 ## - SUMMARY, ETC.
Summary, etc. CA 6 May 1994. B engaged F to carry out work at its premises including the cleaning of asbestos roofs. F engaged a sub-contractor to carry out the cleaning, using high pressure hoses to jet-clean the sheets, a known method of cleaning asbestos roofs which required simple precautions to prevent water entering the building, and causing contamination by asbestos fibres and dust. Neither F nor the sub-contractor took any precautions, thus breaching the Control of Asbestos at Work Regulations 1987. On completion of work it was found the premises were contaminated with asbestos dust, and required extensive remedial work costing £4m. B accused F of breaching contractual terms that the work would be carried out in an efficient manner, and comply with any statutory provisions applicable to the work. F contended that B should have taken proper precautions, and that liability, if any, should be reduced by F's contributory negligence. 'Held' appeal allowed.
650 ## - SUBJECT ADDED ENTRY--TOPICAL TERM
Topical term or geographic name entry element ASBESTOS REMOVAL
650 ## - SUBJECT ADDED ENTRY--TOPICAL TERM
Topical term or geographic name entry element ASBESTOS SHEETING
650 ## - SUBJECT ADDED ENTRY--TOPICAL TERM
Topical term or geographic name entry element CONTRIBUTORY NEGLIGENCE
650 ## - SUBJECT ADDED ENTRY--TOPICAL TERM
Topical term or geographic name entry element CONTROL OF ASBESTOS AT WORK REGULATIONS 1987
650 ## - SUBJECT ADDED ENTRY--TOPICAL TERM
Topical term or geographic name entry element DUTY OF CARE
650 ## - SUBJECT ADDED ENTRY--TOPICAL TERM
Topical term or geographic name entry element LAW REFORM (CONTRIBUTORY NEGLIGENCE) ACT 1945
650 ## - SUBJECT ADDED ENTRY--TOPICAL TERM
Topical term or geographic name entry element BARCLAYS BANK PLC V FAIRCLOUGH BUILDING LTD
690 ## - LOCAL SUBJECT ADDED ENTRY--TOPICAL TERM (OCLC, RLIN)
Topical term or geographic name as entry element BUILDING AND CONSTRUCTION-CASE LAW
942 ## - ADDED ENTRY ELEMENTS (KOHA)
Suppress in OPAC 0
948 ## - LOCAL PROCESSING INFORMATION (OCLC); SERIES PART DESIGNATOR (RLIN)
c (OCLC) 04/03/1997
Holdings
Withdrawn status Lost status Source of classification or shelving scheme Damaged status Not for loan Home library Current library Shelving location Date acquired Total Checkouts Full call number Barcode Date last seen Copy number Price effective from Koha item type
    Dewey Decimal Classification     London London Journal article 14/09/1999   Z7207 70398-1001 06/08/2019 1 06/08/2019 Law report